Majstrovská chvíľa ; Dejiny hriechu ; Sarajevo v ohni

Bibliographic Details
Main Author: Foks, Darek, 1966- (Author)
Other Authors: Chmel, Karol, 1953-2026 (Translator)
Format: Article
Language:Slovak
Subjects:

MARC

LEADER 00000nab a2200000 a 4500
001 vtls000719779
003 SK-MaSNL
005 20260518033920.0
008 140403c1999 xo 0 slo
015 |a SNBRB2000/04-11687 
035 |a CLN000071946 
040 |a SNKBUCL  |b slo  |c SNKBUCL  |e AACR2 
041 0 |a slo 
044 |a xo  |c SK 
080 |a 884-1  |2 1997 
100 1 |a Foks, Darek,  |d 1966-  |4 aut  |9 110409 
245 1 0 |a Majstrovská chvíľa ; Dejiny hriechu ; Sarajevo v ohni  |c Darek Foks ; vybral a preložil Karol Chmel 
504 |a Biogr. údaje na s. 233 
650 0 7 |a reflexívne básne, poľské  |2 snkbucl  |9 73160 
655 7 |a články z novín a časopisov  |2 snkbucl  |9 267496 
700 1 |a Chmel, Karol,  |d 1953-2026  |4 trl  |9 105159 
773 0 |t Fragment  |g Roč. 13, č. 1-2 (1999), s. 197-200 
850 |a Slovenská národná knižnica v Martine 
852 |a SNK  |b KIS3GCP 
958 |a LX 
958 |a PL 
992 |a RBX 
999 |c 1450895  |d 1452825